000 00887nam a22003137a 4500
001 0043564
003 KOHA_MİRAKIL
005 20260207003353.0
007 ta
008 130730b2011 tu |||gr||||#||||0|tur |
020 _a9757438383
040 _aTR-BiSEU
_btur
_cTR-BiSEU
_erda
041 0 _atur
044 _ctu
050 _aD62
_b.C56 2011
100 1 _aÇimen, Ali.
245 1 _aTarihi değiştiren günler/
_cAli Çimen ; Ali Çimen.
250 _a3. Baskı
264 1 _aİstanbul :
_bTimaş
_c2011
300 _a303 sayfa: resimli; 20 cm
336 _ametin
_btxt
_2rdacontent
337 _aaracısız
_bn
_2rdamedia
338 _acilt
_bnc
_2rdacarrier
490 1 _aTimaş yayınları ;
_v2509.
490 1 _aPopüler Tarih dizisi ;
_v23
830 1 _aTimaş yayınları ;
_v2509.
_98079
830 1 _aPopüler Tarih dizisi ;
_v23
_981210
942 _2lcc
_cBK
999 _c43381
_d43381